El "otro" con-mueve la política académica (Registro nro. 3770)

Detalles MARC
000 -LEADER
fixed length control field 01487 a2200241 4500
001 - CONTROL NUMBER
control field 44003
005 - DATE AND TIME OF LATEST TRANSACTION
control field 20260407155720.0
008 - FIXED-LENGTH DATA ELEMENTS--GENERAL INFORMATION
fixed length control field 260407a2016 arg spa d
003 - CONTROL NUMBER IDENTIFIER
control field AR-UNSa-BCEJYS
040 ## - CATALOGING SOURCE
Original cataloging agency AR-UNSa-BCEJYS
Language of cataloging spa
Transcribing agency AR-UNSa-BCEJYS
080 ## - UNIVERSAL DECIMAL CLASSIFICATION NUMBER
Universal Decimal Classification number 342.733
Common auxiliary subdivision Libertad de enseñanza y de estudio. Derecho a la educación
020 ## - INTERNATIONAL STANDARD BOOK NUMBER
International Standard Book Number 978-987-538-469-9
041 ## - LANGUAGE CODE
Language code of text/sound track or separate title spa
100 1# - MAIN ENTRY--PERSONAL NAME
Personal name Paparini, Claudia Hilda
245 10 - TITLE STATEMENT
Title El "otro" con-mueve la política académica
Name of part/section of a work el derecho a la educación superior
264 #1 - PRODUCTION, PUBLICATION, DISTRIBUTION, MANUFACTURE, AND COPYRIGHT NOTICE
Place of production, publication, distribution, manufacture Buenos Aires :
Name of producer, publisher, distributor, manufacturer Noveduc
Date of production, publication, distribution, manufacture, or copyright notice 2016
300 ## - PHYSICAL DESCRIPTION
Extent 94 p.
Dimensions 28 cm.
505 ## - FORMATTED CONTENTS NOTE
Formatted contents note Capítulo I: Lo universal- El reconocimiento del "otro" como sujeto de derechos: 1. Los derechos humanos - 2. Más allá de la Declaración - 3. El enfoque de Derechos Humanos - 3. Política y ciudadanía en clave de derechos - Capítulo II. Lo particular - Escenarios diversos y el reconocimiento del derecho a la educación superior: 1. El escenario normativo: luchas y acuerdos - 2. El escenario actual: posibilidades - Capítulo III. Lo singular - Algunas respuestas inconclusas desde un "nosotros" construido con el "otro": Parte I: Un punto de inflexión: más y diversos... ¿incluidos? - Parte II: Un punto de partida: la política académica...llegadas inciertas
590 ## - LOCAL NOTE (RLIN)
Local note niveau_biblio:m niveau_hierar:0
700 1# - ADDED ENTRY--PERSONAL NAME
Personal name Ozollo, María Fernanda
856 41 - ELECTRONIC LOCATION AND ACCESS
Uniform Resource Identifier <a href="https://biblioeco.unsa.edu.ar/pmb/images/libros/L126872.jpg">https://biblioeco.unsa.edu.ar/pmb/images/libros/L126872.jpg</a>
Link text Imagen de portada
Electronic format type image/jpeg
942 ## - ADDED ENTRY ELEMENTS (KOHA)
Koha item type
Existencias
Withdrawn status Lost status Damaged status Not for loan Home library Current library Shelving location Date acquired Total checkouts Full call number Barcode Date last seen Price effective from Koha item type
        Biblioteca Prof. Eusebio Cleto del Rey Biblioteca Prof. Eusebio Cleto del Rey   07/04/2026   P342.733 O99 L126871 07/04/2026 07/04/2026 Libro
        Biblioteca Prof. Eusebio Cleto del Rey Biblioteca Prof. Eusebio Cleto del Rey   07/04/2026   P342.733 O99 L126872 07/04/2026 07/04/2026 Libro